000 00536nam a2200181Ia 4500
008 230917s9999||||xx |||||||||||||| ||und||
020 _cRS480
040 _e251166
_aMAIN
041 _aEnglish
082 _a346.03 P212L(3)
100 _aParanjape, N V
245 0 _aLaw of torts: Consumer protection Law and compensation under other statutory laws
250 _a3rd ed.
260 _aAllahabad
_bCentral Law Agency
_c2016
300 _alxviii, 671 p.
500 _a3319 05/11/2018 HBD18/7564 05/12/2018 Main Budget
942 _cBK
999 _c28878
_d28878